000
00232 a2200097 4500
001
30472
100
_a
Fowler, R S
245
_a
English: A literary Foundation
260
_a
London
_b
George Allen and Unwin
_c
090
_c
20414
_d
20414
942
_a
NUST-CAE
_c
M
_c
11575
999
_c
265545
_d
265545